| 000 | 00765nam a2200229 i 4500 | ||
|---|---|---|---|
| 001 | 19187 | ||
| 003 | ES-MaACL | ||
| 005 | 20240419151528.0 | ||
| 007 | t| | ||
| 008 | 020701s2001 sp ||||1| spa d | ||
| 020 | _a84-306-0445-6 | ||
| 080 | _a323.17(460.15)"18" | ||
| 100 | 1 |
_aCorcuera Atienza, Javier. _940492 |
|
| 245 | 1 | 3 |
_aLa patria de los vascos _b: orígenes, ideología y organización del nacionalismo vasco (1876-1903) / _cJavier Corcuera Atienza. |
| 260 |
_aMadrid : _bTaurus, _c[2001] |
||
| 300 |
_a695 p. ; _c24 cm. |
||
| 490 | 1 | _aPensamiento (Taurus Ediciones | |
| 650 | 4 |
_aNacionalismo- _zPaís Vasco- _yS.XIX. _915460 |
|
| 830 | 0 |
_aPensamiento (Taurus Ediciones) _9180294 |
|
| 852 |
_aES-MaACL _jL-25621 _bR.130834 |
||
| 999 |
_c19187 _d19187 |
||